[Event "Open Semana Santa 2023"]
[Site "?"]
[Date "2023.04.07"]
[Round "5.111"]
[White "Donate Moreno, Silvia"]
[Black "Lopez Herrero, Israel"]
[Result "1-0"]
[WhiteElo "2077"]
[BlackElo "1814"]
[Annotator "Usuario"]
[PlyCount "127"]

1. e4 c5 2. Nf3 e6 3. d4 cxd4 4. Nxd4 Nf6 5. Bd3 Nc6 6. Nxc6 bxc6 7. O-O d5 8.
Nd2 a5 9. Qe2 Be7 10. a4 O-O 11. Kh1 c5 12. Bb5 Bb7 13. e5 Ne8 14. Ra3 f6 15.
Rh3 fxe5 16. Qxe5 Bc8 17. Nf3 Bd6 18. Qe2 e5 19. Bc6 Bxh3 20. Bxd5+ Kh8 21.
gxh3 Ra7 22. Ng5 Qf6 23. Ne4 Qf5 24. Qe3 Rd7 25. Bc6 Rd8 26. Bd2 Bc7 27. Qxc5
Rd4 28. Ng3 Qf7 29. Bc3 Rc4 30. Qd5 Qxd5+ 31. Bxd5 Rxa4 32. Kg2 Raf4 33. Ne2
R4f5 34. Be6 R5f6 35. Bd5 Bb6 36. f3 Rg6+ 37. Ng3 Nf6 38. Be6 Nh5 39. Bg4 Nf4+
40. Kh1 Bd4 41. Bxa5 Bxb2 42. c3 Rc6 43. Ne4 Ra8 44. Bb4 Nd5 45. Rb1 Ra1 46.
Rxa1 Bxa1 47. Ng5 Nxc3 48. Nf7+ Kg8 49. Nxe5 $11 Rb6 50. Bc5 Rb1+ 51. Kg2 Rb2+
52. Kg3 Ne2+ 53. Kh4 Rb5 54. Be6+ Kh8 55. Nf7+ Kg8 56. Nd6+ Kh8 57. Nxb5 h5 58.
Be3 g6 59. Bc4 Bf6+ 60. Bg5 Bxg5+ 61. Kxg5 Ng1 62. Nd4 Nxh3+ 63. Kxg6 h4 64.
Kh5 1-0

[Event "Open Semana Santa 2023"]
[Site "?"]
[Date "2023.04.07"]
[Round "5.112"]
[White "Lacomba Piqueras, Andres"]
[Black "Prodhomme, Boris"]
[Result "1-0"]
[WhiteElo "1807"]
[BlackElo "2076"]
[PlyCount "139"]
[EventDate "2023.??.??"]

1. Nf3 Nf6 2. g3 d5 3. Bg2 Bf5 4. d4 e6 5. c4 c6 6. Nc3 Ne4 7. Qb3 Qb6 8. Nh4
Nxc3 9. bxc3 Qxb3 10. axb3 Bc2 11. cxd5 cxd5 12. Ba3 Nd7 13. Bxf8 Rxf8 14. Ra3
Nb6 15. Kd2 Be4 16. f3 Bg6 17. e4 Kd7 18. Nxg6 hxg6 19. f4 a6 20. Kd3 Rac8 21.
Rc1 f6 22. c4 Rc7 23. Ra5 Rh8 24. exd5 exd5 25. Bxd5 Rxh2 26. Re1 Kd8 27. Re6
Nd7 28. Ra1 Nf8 29. Re3 Nd7 30. Rae1 Rh8 31. Re7 Ne5+ 32. R7xe5 fxe5 33. fxe5
Rf8 34. Be4 g5 35. g4 Rf4 36. Rg1 b5 37. d5 bxc4+ 38. bxc4 a5 39. d6 Ra7 40.
Rb1 Kd7 41. Bf5+ Kc6 42. Rb8 a4 43. Rc8+ Kb6 44. c5+ Kb5 45. Rc7 Ra8 46. Bd7+
Kb4 47. Bc6 Rh8 48. e6 a3 49. e7 a2 50. Ra7 Rh3+ 51. Kd2 Rh2+ 52. Ke3 Rh3+ 53.
Ke2 Rh2+ 54. Ke3 Rh3+ 55. Ke2 Ra3 56. Rxa3 Kxa3 57. e8=Q a1=Q 58. Qa8+ Kb2 59.
Qxa1+ Kxa1 60. Bd7 Rd4 61. Ke3 Rd5 62. Bc6 Rxc5 63. d7 Rc3+ 64. Kd2 Rxc6 65.
d8=Q Rh6 66. Qa8+ Kb2 67. Qb7+ Ka2 68. Qxg7 Rd6+ 69. Ke3 Re6+ 70. Kf3 1-0

[Event "Open Semana Santa 2023"]
[Site "?"]
[Date "2023.04.07"]
[Round "5.113"]
[White "Garcia Almeida, Aitana Maria"]
[Black "CM Bazilius, Augustinas"]
[Result "1/2-1/2"]
[WhiteElo "1783"]
[BlackElo "2073"]
[PlyCount "76"]

1. c4 Nf6 2. Nc3 d5 3. cxd5 Nxd5 4. Nf3 g6 5. e4 Nb6 6. d4 Bg7 7. Bf4 Bg4 8.
Be3 O-O 9. Be2 Nc6 10. d5 Bxf3 11. gxf3 Ne5 12. Qb3 c6 13. f4 Ned7 14. Rd1 cxd5
15. Nxd5 Nxd5 16. Rxd5 Qc7 17. O-O Nf6 18. Rc1 Qb8 19. Rb5 Nxe4 20. Rxb7 Qd6
21. Qb4 Qxb4 22. Rxb4 Nd6 23. Rc7 Rfc8 24. Rxc8+ Rxc8 25. Bxa7 Ra8 26. Rb8+
Rxb8 27. Bxb8 Bxb2 28. a4 Bd4 29. Bd3 Kf8 30. a5 Ke8 31. Bxd6 exd6 32. a6 Ke7
33. f5 Kf6 34. fxg6 fxg6 35. Kg2 Ba7 36. f4 h6 37. Kf3 d5 38. h4 g5 1/2-1/2

[Event "Open Semana Santa 2023"]
[Site "?"]
[Date "2023.04.07"]
[Round "5.114"]
[White "Mateu Guiu, Esteve"]
[Black "Lacamara Pasamar, Miguel"]
[Result "1-0"]
[WhiteElo "2071"]
[BlackElo "1807"]
[PlyCount "63"]

1. d4 Nf6 2. c4 e6 3. Nf3 c5 4. d5 exd5 5. cxd5 d6 6. Nc3 a6 7. a4 g6 8. h3 Bg7
9. Bf4 O-O 10. e3 Re8 11. Nd2 Nh5 12. Bh2 f5 13. Be2 f4 14. O-O fxe3 15. fxe3
Qg5 16. Bxh5 gxh5 17. Bf4 Qg6 18. Rf3 h4 19. Nc4 Bf8 20. Qe1 Be7 21. e4 Nd7 22.
Qf1 Rb8 23. e5 dxe5 24. Nxe5 Nxe5 25. Bxe5 Ra8 26. Re1 Bd7 27. d6 Bg5 28. Nd5
Bc6 29. Nf6+ Bxf6 30. Rxf6 Qg5 31. Qc4+ Kg7 32. Qf7+ 1-0

[Event "Open Semana Santa 2023"]
[Site "?"]
[Date "2023.04.07"]
[Round "5.115"]
[White "Srivatsan Karthikeyan"]
[Black "Pham Guerrero, Sergi"]
[Result "1/2-1/2"]
[WhiteElo "1777"]
[BlackElo "2069"]
[Annotator "Usuario"]
[PlyCount "63"]

1. e4 c5 2. Nf3 d6 3. d4 cxd4 4. Nxd4 Nf6 5. f3 e5 6. Nb3 Be6 7. c4 Be7 8. Be3
O-O 9. Nc3 Nc6 10. Be2 Rc8 11. O-O Na5 12. Nxa5 Qxa5 13. Qb3 b6 14. Rfd1 Qa6
15. Nb5 Rfd8 16. Rac1 Qb7 17. Nc3 Nd7 18. Nd5 Nc5 19. Qa3 Bxd5 20. cxd5 b5 21.
b3 a6 22. Rc2 h6 23. Rdc1 Bg5 24. Bxg5 hxg5 25. Qa5 b4 26. Kf1 Rb8 27. Rb1 Qb6
28. Qxb6 Rxb6 29. g4 Kf8 30. Rbc1 Ke7 31. Kg2 g6 32. Bc4 $11 1/2-1/2

[Event "Open Semana Santa 2023"]
[Site "?"]
[Date "2023.04.07"]
[Round "5.116"]
[White "Perea Fruet, Federico"]
[Black "Andries, Alf"]
[Result "1/2-1/2"]
[WhiteElo "1766"]
[BlackElo "2067"]
[Annotator "Usuario"]
[PlyCount "159"]

1. e4 c5 2. Nc3 Nc6 3. g3 g6 4. Bg2 Bg7 5. d3 d6 6. Nge2 e6 7. Be3 Nd4 8. O-O
Ne7 9. f4 O-O 10. Qd2 Rb8 11. h3 b5 12. g4 b4 13. Nd1 f5 14. Ng3 Ndc6 15. c3
bxc3 16. bxc3 Qa5 17. exf5 exf5 18. gxf5 Bxf5 19. Nxf5 gxf5 20. Kh1 d5 21. Rg1
Rbd8 22. Rb1 Rf6 23. Rb7 Rg6 24. Qe2 Qa6 25. Rb2 d4 26. cxd4 cxd4 27. Bd2 Qc8
28. Bb4 Qe6 29. Bxe7 Nxe7 30. Qxe6+ Rxe6 31. Rb7 a6 32. Nb2 Ng6 33. Bf3 $11 Re3
34. Rg3 Kh8 35. h4 Bh6 36. Nc4 Re1+ 37. Rg1 Rxg1+ 38. Kxg1 Nxh4 39. Bc6 Bxf4
40. Ra7 Bg3 41. Rxa6 Rb8 42. Ra8 Kg7 43. Rxb8 Bxb8 44. a4 Ng6 45. a5 Nf4 46.
Nb2 Kf6 47. a6 Ne6 48. Na4 Ba7 49. Kf2 Ke5 50. Bb7 Kf4 51. Bd5 Nc7 52. Bb7 Ne8
53. Nb2 Nd6 54. Bd5 Nb5 55. Nc4 Bc5 56. Na5 Ke5 57. Bb7 Kd6 58. Kf3 Kc7 59. Nc4
Bd6 60. Bd5 Kb8 61. Bb7 Bc7 62. Bd5 Ka7 63. Bb7 Nc3 64. Na3 h5 65. Bc8 f4 66.
Bb7 Bb8 67. Nc2 Nb5 68. Ke4 Nd6+ 69. Kxd4 Nxb7 70. axb7 Kxb7 71. Ke4 h4 72. Ne1
h3 73. Nf3 Kc6 74. Kf5 Kd5 75. Kg4 h2 76. Nxh2 Kd4 77. Kf3 Kxd3 78. Ng4 Be5 79.
Nxe5+ Kd4 80. Kxf4 1/2-1/2

[Event "Open Semana Santa 2023"]
[Site "?"]
[Date "2023.04.07"]
[Round "5.117"]
[White "Pousada Garcia, Daniel"]
[Black "Najarro Garcia, Jose Maria"]
[Result "1-0"]
[WhiteElo "2061"]
[BlackElo "1778"]
[PlyCount "69"]

1. e4 e5 2. d4 exd4 3. c3 Nf6 4. e5 Ne4 5. Nf3 d5 6. cxd4 Bb4+ 7. Bd2 Bxd2+ 8.
Nbxd2 Nxd2 9. Qxd2 O-O 10. Bd3 Re8 11. O-O Nd7 12. Rae1 Nf8 13. Qf4 Ne6 14. Qe3
Qe7 15. Rc1 Bd7 16. Nd2 f6 17. f4 fxe5 18. dxe5 c5 19. Qh3 Nf8 20. Qh5 g6 21.
Qf3 Bc6 22. Rce1 c4 23. Bc2 Qc5+ 24. Kh1 Ne6 25. Qg3 Nd4 26. Bxg6 hxg6 27.
Qxg6+ Kf8 28. f5 Ke7 29. e6 Kd8 30. f6 Rxe6 31. Qg8+ Kc7 32. Qxa8 Be8 33. Rxe6
Nxe6 34. Qxe8 Qe3 35. f7 1-0

[Event "Open Semana Santa 2023"]
[Site "?"]
[Date "2023.04.07"]
[Round "5.118"]
[White "Garcia Vives, Joan"]
[Black "Moreno Alcaraz, Jose Javier"]
[Result "0-1"]
[WhiteElo "1731"]
[BlackElo "2060"]
[PlyCount "110"]

1. e4 e6 2. d4 d5 3. exd5 exd5 4. Nf3 Bd6 5. c4 c6 6. Nc3 dxc4 7. Bxc4 Nf6 8.
O-O O-O 9. Bg5 Nbd7 10. Re1 Nb6 11. Bb3 Be7 12. Re3 Nfd5 13. Rxe7 Nxe7 14. Qe2
Re8 15. Re1 Kf8 16. Ne5 Nbd5 17. Nxd5 cxd5 18. Ba4 f6 19. Qh5 Be6 20. Qxh7 Qa5
21. Qh8+ Ng8 22. Ng6+ Kf7 23. Bxe8+ Rxe8 24. Ne5+ fxe5 25. Qh5+ Kf8 26. Rxe5
Qxa2 27. Qf3+ Nf6 28. Qa3+ Qxa3 29. bxa3 Kf7 30. f4 Nd7 31. Re2 Rc8 32. Rb2 Nb6
33. a4 Rc1+ 34. Kf2 Ra1 35. Bd8 Rxa4 36. Bxb6 axb6 37. Rxb6 Bc8 38. Ke3 Ra3+
39. Ke2 Ra6 40. Rb5 Rd6 41. f5 b6 42. Ke3 Bxf5 43. Kf4 Kf6 44. g4 Bd3 45. g5+
Ke6 46. Rb3 Be4 47. h4 g6 48. Rg3 Rd7 49. Rc3 Rf7+ 50. Kg4 Bf5+ 51. Kg3 Kd6 52.
Re3 Re7 53. Rb3 Kc6 54. Rc3+ Kb5 55. Rb3+ Kc4 0-1

[Event "Open Semana Santa 2023"]
[Site "?"]
[Date "2023.04.07"]
[Round "5.119"]
[White "WFM Jimenez Fernandez, Rebeca"]
[Black "Verbytski, Oleg"]
[Result "1-0"]
[WhiteElo "2053"]
[BlackElo "1774"]
[PlyCount "133"]

1. e4 c5 2. Nf3 d6 3. d4 cxd4 4. Nxd4 Nf6 5. Nc3 a6 6. Bg5 e6 7. f4 Be7 8. Qf3
Qc7 9. O-O-O Bd7 10. e5 dxe5 11. fxe5 Nd5 12. Ne4 Qxe5 13. Bxe7 Nxe7 14. Nxe6
Qxe6 15. Nd6+ Kf8 16. Bc4 Qf6 17. Qxb7 Bc6 18. Qc7 Nd7 19. Nxf7 Rb8 20. Bb3
Rxb3 21. axb3 Qxf7 22. Rhf1 Nf6 23. g4 h6 24. h4 Qe6 25. g5 hxg5 26. hxg5 Qe3+
27. Kb1 Qxg5 28. Rd8+ Be8 29. Rxe8+ Kxe8 30. Qb8+ Kf7 31. Qxh8 Qg2 32. Re1 Qf2
33. Qh1 Ned5 34. Rf1 Qc5 35. Qh5+ Kg8 36. Qf5 Qc6 37. Rg1 Ne3 38. Qg6 Kf8 39.
Qxg7+ Ke8 40. Qg6+ Kd7 41. Qd3+ Ned5 42. c4 Qc5 43. Rd1 Ng4 44. Qxd5+ Qxd5 45.
Rxd5+ Kc6 46. Rg5 Nf2 47. Rg6+ Kc5 48. Rxa6 Nd3 49. Ra5+ Kc6 50. Kc2 Nc5 51.
Rxc5+ Kxc5 52. Kc3 Kb6 53. Kb4 Kc6 54. c5 Kc7 55. Kb5 Kb7 56. c6+ Kb8 57. Kc5
Kc7 58. Kd5 Kc8 59. Kd6 Kd8 60. c7+ Kc8 61. b4 Kb7 62. Kd7 Ka7 63. c8=Q Kb6 64.
Qc5+ Ka6 65. Qa5+ Kb7 66. Qb5+ Ka7 67. Kc7 1-0

[Event "Open Semana Santa 2023"]
[Site "?"]
[Date "2023.05.07"]
[Round "5.120"]
[White "Navarro Martinez, Victor"]
[Black "Garrido Silos, Pablo"]
[Result "1-0"]
[WhiteElo "2051"]
[BlackElo "1769"]
[Annotator "Usuario"]
[PlyCount "109"]

1. e4 c5 2. Nf3 d6 3. d4 cxd4 4. Nxd4 Nf6 5. f3 e5 6. Nb3 Be6 7. c4 Be7 8. Be3
Nbd7 9. Be2 Qc7 10. Na3 a6 11. O-O O-O 12. Rc1 Nc5 13. Nxc5 dxc5 14. Nb1 b5 15.
cxb5 axb5 16. Bxb5 Rxa2 17. Qe2 Rb8 18. Nc3 Ra5 19. Rf2 c4 20. Ba4 Bb4 21. Bd1
Bxc3 22. Rxc3 Ra2 23. Qc2 Rbxb2 24. Qxb2 Rxb2 25. Rxb2 h6 26. Be2 Nd7 27. h3
Qa5 28. Rbc2 Nb6 29. Bxb6 Qxb6+ $11 30. Kh2 h5 31. Bxc4 Bxc4 32. Rxc4 h4 33.
Rc5 Qb1 34. Rc1 Qb2 35. Rd1 Qf2 36. Rcd5 Qe3 37. Kh1 Qf2 $11 38. Rxe5 f6 39.
Re7 Kf8 40. Rb7 Kg8 41. Rbd7 Kf8 42. R7d2 Qe3 43. Rb2 Kf7 44. Rbb1 Qf2 45. Rf1
Qe3 46. Rbe1 Qf4 47. Re2 Kg6 48. Rfe1 Qe5 49. Rf1 Qf4 50. e5 fxe5 51. Rfe1 Kf6
52. Re4 Qg3 53. Kg1 Kf5 54. R1e2 Kf6 55. Rg4 1-0

[Event "Open Semana Santa 2023"]
[Site "?"]
[Date "2023.07.09"]
[Round "5.121"]
[White "FM Van Hoolandt, Patrick"]
[Black "Diez Machin, Vicente"]
[Result "1-0"]
[WhiteElo "2046"]
[BlackElo "1761"]
[PlyCount "55"]

1. d4 d5 2. c4 e6 3. Nf3 Nf6 4. Nc3 c6 5. cxd5 exd5 6. Qc2 Nbd7 7. Bg5 Be7 8.
e3 O-O 9. Bd3 Re8 10. O-O Nf8 11. h3 Ne4 12. Bf4 Nxc3 13. bxc3 Bd6 14. Bxd6
Qxd6 15. c4 Be6 16. Rab1 dxc4 17. Bxc4 Bxc4 18. Qxc4 Re7 19. Rfc1 Rd8 20. Qa4
a6 21. Rb6 Nd7 22. Rxb7 c5 23. Qa5 Ne5 24. dxe5 Qd1+ 25. Rxd1 Rxd1+ 26. Kh2
Rxb7 27. Qxa6 Rb8 28. e6 1-0

[Event "Open Semana Santa 2023"]
[Site "?"]
[Date "2023.04.07"]
[Round "5.122"]
[White "Campos Busquiel, Alejandro"]
[Black "Lazaro Azcutia, Miguel"]
[Result "1-0"]
[WhiteElo "1730"]
[BlackElo "2042"]
[PlyCount "75"]

1. d4 d5 2. Bf4 Nf6 3. e3 e6 4. Nf3 Bd6 5. Ne5 O-O 6. Bd3 c5 7. c3 Qc7 8. Nd2
Nc6 9. Nxc6 Bxf4 10. exf4 bxc6 11. dxc5 Qxf4 12. Qf3 Qxf3 13. Nxf3 Nd7 14. b4
e5 15. Bf5 g6 16. Bxd7 Bxd7 17. O-O f6 18. Nd2 Rab8 19. Nb3 Rfc8 20. f4 Kg7 21.
Rae1 Re8 22. fxe5 fxe5 23. a3 Bf5 24. Na5 Bd7 25. Rf2 h6 26. Rd2 Re6 27. Nc4
Rbe8 28. Nd6 R8e7 29. c4 dxc4 30. Nxc4 e4 31. Kf2 Bc8 32. Ke3 Ba6 33. Nd6 Re5
34. Rc1 Bd3 35. a4 a6 36. Rb2 Rc7 37. Rf2 Rd5 38. Ne8+ 1-0

[Event "Open Semana Santa 2023"]
[Site "?"]
[Date "2023.04.07"]
[Round "5.123"]
[White "Aymerich Rosell, Pablo"]
[Black "Munoz Osete, Marcos"]
[Result "1-0"]
[WhiteElo "2037"]
[BlackElo "1743"]
[Annotator "Usuario"]
[PlyCount "95"]
[EventDate "2023.??.??"]

1. e4 c6 2. d4 d5 3. exd5 cxd5 4. Bd3 Nc6 5. c3 Nf6 6. Bf4 g6 7. Nf3 Bg7 8. O-O
O-O 9. Nbd2 Bf5 10. Bxf5 gxf5 11. Ne5 e6 12. Qe2 Ne4 13. Nd3 Qe7 14. f3 Nxd2
15. Qxd2 Kh8 16. Kh1 Rg8 17. g4 fxg4 18. fxg4 Bf6 19. h3 Bg5 20. Rf3 Bxf4 21.
Qxf4 Raf8 22. Raf1 f6 23. Qh6 Qg7 24. Qxg7+ Kxg7 25. Nf4 Kf7 26. Nh5 Ke7 27.
Rxf6 Rxf6 28. Rxf6 Rg6 29. Rf2 b5 30. b4 Rh6 31. Kg2 Nd8 32. Nf4 Rf6 33. Nd3
Rxf2+ 34. Kxf2 Nb7 35. Nc5 Nd6 36. Ke3 Nc4+ 37. Kd3 a5 38. bxa5 Nxa5 39. h4 Nc4
40. g5 Nd6 41. h5 Nf5 42. Kc2 b4 43. Kb3 bxc3 44. Kxc3 Nd6 45. a4 Nc8 46. a5
Na7 47. a6 Nc6 48. Nd3 1-0

[Event "Open Semana Santa 2023"]
[Site "?"]
[Date "2023.04.07"]
[Round "5.124"]
[White "Sukhodolskyi, Oleksii"]
[Black "Gonzalvez Tamarit, Ruben"]
[Result "0-1"]
[WhiteElo "1699"]
[BlackElo "2028"]
[Annotator "Usuario"]
[PlyCount "130"]

1. e4 e5 2. Nf3 Nc6 3. Bb5 a6 4. Ba4 Nf6 5. O-O b5 6. Bb3 Be7 7. Re1 d6 8. c3
O-O 9. h3 Nb8 10. d4 Nbd7 11. Nbd2 Bb7 12. Bc2 Re8 13. Nf1 Bf8 14. Ng3 g6 15.
a4 Bg7 16. Bg5 h6 17. Bd2 c5 18. d5 Nb6 19. axb5 axb5 20. Rxa8 Qxa8 21. Qa1 Nc4
22. b3 Nxd2 23. Nxd2 Qd8 24. c4 b4 25. Qa4 Qc7 26. Qa2 Ra8 27. Qb2 Qa5 28. f3
h5 29. Ngf1 Bh6 30. Ne3 h4 31. Ndf1 Nh5 32. Kh2 Bf4+ 33. Kg1 Bc8 34. Bd3 Qd8
35. Ra1 Rxa1 36. Qxa1 Qg5 37. Ng4 Bxg4 38. fxg4 Be3+ 39. Kh1 Ng3+ 40. Nxg3 hxg3
41. Qe1 $11 Bf2 42. Qd1 Qe3 43. Qe2 Qc1+ 44. Qf1 Qf4 45. Qb1 Kg7 46. Qd1 Kh6
47. Qf1 Kg5 48. Qb1 Qd2 49. Qf1 Kf4 50. Qb1 Qe1+ 51. Qxe1 Bxe1 52. Kg1 g5 53.
Bc2 Ke3 54. Kf1 Kd2 55. Bb1 Bf2 56. h4 gxh4 57. g5 Be3 58. Bd3 Kxd3 59. g6 fxg6
60. Ke1 Bf2+ 61. Kf1 Kxe4 62. Ke2 Kf4 63. Kf1 h3 64. gxh3 Kf3 65. h4 g2# 0-1

[Event "Open Semana Santa 2023"]
[Site "?"]
[Date "2023.04.07"]
[Round "5.125"]
[White "CM Menac Comas, Joan Ramon"]
[Black "Lacaci Otero, Ivan"]
[Result "1-0"]
[WhiteElo "2022"]
[BlackElo "1727"]
[PlyCount "95"]

1. Nf3 g6 2. e4 Bg7 3. d4 d6 4. Bc4 e6 5. O-O a6 6. c3 Ne7 7. Qe2 O-O 8. Nbd2
Nd7 9. Rd1 d5 10. Bb3 b6 11. exd5 exd5 12. Re1 Bf6 13. Nf1 Bb7 14. Bh6 Re8 15.
Ng3 a5 16. Qd2 Nf8 17. Qf4 Bh8 18. Ng5 f6 19. Ne6 Nxe6 20. Rxe6 Bc8 21. Re3 a4
22. Bc2 Kf7 23. Rae1 Bd7 24. h4 Ng8 25. h5 Rxe3 26. Rxe3 Nxh6 27. Qxh6 Qg8 28.
hxg6+ hxg6 29. Bxg6+ Qxg6 30. Re7+ Kxe7 31. Qxg6 Be6 32. Qh7+ Kd6 33. Nh5 Re8
34. Nf4 Bd7 35. f3 c6 36. Ng6 Bf5 37. Qh2+ Kd7 38. Nxh8 Bd3 39. Nf7 Re1+ 40.
Kf2 Re2+ 41. Kg3 Ke7 42. Nh8 Rxb2 43. Qh6 Bf1 44. Qg7+ Ke6 45. Qf7+ Kf5 46.
Qd7+ Kg5 47. Qg7+ Kf5 48. Qg4# 1-0

[Event "Open Semana Santa 2023"]
[Site "?"]
[Date "2023.04.07"]
[Round "5.126"]
[White "Bernardez Gonzalez, Roberto"]
[Black "Sanleon Pravisano, Nieves"]
[Result "0-1"]
[WhiteElo "1688"]
[BlackElo "2020"]
[PlyCount "130"]

1. c4 e5 2. g3 Nc6 3. Bg2 Bc5 4. Nc3 d6 5. Nf3 a6 6. O-O Nge7 7. e3 Ba7 8. h3
O-O 9. d4 Ng6 10. dxe5 dxe5 11. Qxd8 Nxd8 12. b3 Ne6 13. Ba3 Re8 14. h4 f6 15.
Rfd1 Ngf8 16. Rd2 Bd7 17. Rad1 Bc6 18. Nd5 Kf7 19. Bh3 Rac8 20. Ne1 a5 21. Nd3
Nd7 22. Nc1 Ndc5 23. Ne2 h5 24. Nec3 g6 25. Bxc5 Bxc5 26. Ne4 Be7 27. Nxe7 Kxe7
28. Nc3 f5 29. a3 Rcd8 30. Nd5+ Bxd5 31. Rxd5 c6 32. Rxd8 Rxd8 33. Rxd8 Kxd8
34. b4 axb4 35. axb4 Ke7 36. Kf1 Kd6 37. Ke2 e4 38. Kd2 Nd8 39. Kc3 b6 40. Bg2
Nf7 41. Bf1 Ne5 42. Be2 c5 43. b5 Nd7 44. Kd2 Ke5 45. Ke1 Kf6 46. Kd2 Ne5 47.
Kc3 Kg7 48. Kd2 Kh6 49. Ke1 g5 50. Kf1 gxh4 51. gxh4 Ng6 52. Kg2 Nxh4+ 53. Kh3
Kg5 54. Kg3 Ng6 55. f4+ exf3 56. Bxf3 f4+ 57. exf4+ Nxf4 58. Kf2 h4 59. Ke3 h3
60. Ke4 Ng2 61. Kd5 Kf4 62. Be4 Ne3+ 63. Kc6 Kxe4 64. Kxb6 Nxc4+ 65. Kxc5 Kd3
0-1

[Event "Open Semana Santa 2023"]
[Site "?"]
[Date "2023.04.07"]
[Round "5.127"]
[White "Follana Albelda, Lucia"]
[Black "Palacios Sanchez, Victor"]
[Result "1-0"]
[WhiteElo "2018"]
[BlackElo "1704"]
[PlyCount "75"]

1. e4 c5 2. Nf3 e6 3. d4 cxd4 4. Nxd4 Nf6 5. Nc3 Nc6 6. Ndb5 Bb4 7. a3 Bxc3+ 8.
Nxc3 d5 9. exd5 exd5 10. Bd3 d4 11. Ne4 Nxe4 12. Bxe4 O-O 13. O-O Qf6 14. Qh5
h6 15. f4 Ne7 16. f5 Bd7 17. g4 Qe5 18. Bg2 Nd5 19. Bd2 Bc6 20. Rae1 Ne3 21.
Bxc6 bxc6 22. Bxe3 dxe3 23. Qh3 Rfe8 24. Re2 Qd4 25. c3 Qb6 26. f6 Qb5 27. Rfe1
Qg5 28. fxg7 Re4 29. Rxe3 Qxg4+ 30. Qxg4 Rxg4+ 31. Kf2 Rxg7 32. Re7 Kh7 33. Rc7
Rag8 34. Kf3 Rg2 35. Rxf7+ Kh8 36. Ree7 R8g7 37. Rxg7 Rxg7 38. Rxg7 1-0

[Event "Open Semana Santa 2023"]
[Site "?"]
[Date "2023.04.07"]
[Round "5.128"]
[White "Piddubna, Bozhena"]
[Black "Ruiz De Leon Merlo, Esther"]
[Result "1-0"]
[WhiteElo "2000"]
[BlackElo "1721"]
[PlyCount "95"]

1. c4 e6 2. Nf3 d5 3. d4 c6 4. g3 dxc4 5. Bg2 b5 6. O-O Nf6 7. b3 cxb3 8. a4 b4
9. Qxb3 a5 10. Bf4 Bb7 11. Na3 Nd5 12. Bd2 Nd7 13. Nc4 c5 14. Bg5 f6 15. Bd2
N5b6 16. Nh4 Bxg2 17. Nxg2 cxd4 18. Nf4 Nc5 19. Qc2 Bd6 20. Nxa5 Rc8 21. Qa2
Bxf4 22. gxf4 Nd5 23. Nb3 e5 24. a5 Qd7 25. f3 Ke7 26. a6 Nc3 27. Bxc3 dxc3 28.
fxe5 fxe5 29. a7 Qc6 30. Kh1 Ra8 31. Rfd1 Rhc8 32. Nxc5 Qxc5 33. Rd5 Qc7 34.
Qa4 c2 35. Rc1 Rxa7 36. Qxb4+ Kf7 37. Rd2 Ra2 38. Qe4 g6 39. Qd5+ Kf6 40. Qxa2
Qb6 41. Rdxc2 Rxc2 42. Qxc2 Qf2 43. Ra1 Kg5 44. Qe4 Kh6 45. Qxe5 g5 46. Qf6+
Kh5 47. Qf7+ Kh4 48. Qxh7# 1-0

[Event "Open Semana Santa 2023"]
[Site "?"]
[Date "2023.04.07"]
[Round "5.129"]
[White "Mata Medina, Andres"]
[Black "Lorenzo Calvo, Damian Angel"]
[Result "0-1"]
[WhiteElo "1673"]
[BlackElo "1997"]
[PlyCount "64"]

1. d4 Nf6 2. c4 g6 3. Nc3 Bg7 4. e4 d6 5. Be2 O-O 6. Be3 c5 7. d5 e6 8. h3 exd5
9. exd5 Re8 10. Nf3 Bf5 11. O-O Ne4 12. Nxe4 Bxe4 13. Bd3 Bxd3 14. Qxd3 Nd7 15.
Rab1 Qc7 16. Bd2 Ne5 17. Nxe5 dxe5 18. b4 e4 19. Qa3 Bd4 20. bxc5 Bxc5 21. Qb3
b6 22. Rbc1 f5 23. Be3 f4 24. Bxc5 Qxc5 25. Rfe1 Re5 26. g3 e3 27. fxe3 fxe3
28. Re2 Rf8 29. Rce1 Rf3 30. Kg2 Qd4 31. Qc2 Ref5 32. Qa4 Qe5 0-1

[Event "Open Semana Santa 2023"]
[Site "?"]
[Date "2023.04.07"]
[Round "5.130"]
[White "Garcia-Ruiz Fuentes, Angel M."]
[Black "Stalhandske, Julien"]
[Result "1/2-1/2"]
[WhiteElo "1993"]
[BlackElo "1699"]
[PlyCount "140"]

1. e4 c5 2. Nf3 Nc6 3. Nc3 d6 4. d4 cxd4 5. Nxd4 Nf6 6. Bc4 Qb6 7. Nb3 e6 8.
O-O Be7 9. Be3 Qc7 10. f4 a6 11. a4 O-O 12. a5 Nb4 13. Be2 d5 14. e5 Nd7 15.
Ra4 b5 16. axb6 Nxb6 17. Bxb6 Qxb6+ 18. Kh1 Bd7 19. Ra1 Bc6 20. Na4 Bxa4 21.
Rxa4 Qc6 22. Rxb4 Bxb4 23. f5 Rfc8 24. Nd4 Qc7 25. fxe6 fxe6 26. Bg4 Kh8 27. c3
Bc5 28. Nxe6 Qxe5 29. Qf3 Bd6 30. Qh3 Re8 31. Bf5 g6 32. Bxg6 Qxh2+ 33. Qxh2
Bxh2 34. Bxe8 Rxe8 35. Nc5 Bd6 36. Nxa6 Re2 37. Rb1 Re8 38. Kg1 Ra8 39. Ra1 Kg7
40. Ra2 Re8 41. Ra4 Re2 42. Rg4+ Kf6 43. Nb4 Rxb2 44. Nxd5+ Ke6 45. Nb4 Bxb4
46. cxb4 Kf5 47. Rc4 Ke5 48. Kh2 Kd5 49. Rh4 Ke6 50. Kh3 Kf6 51. Rc4 Kg6 52. g3
Kg7 53. Kg4 Kg6 54. Kf4 Rb1 55. Ke5 h5 56. Kf4 Rf1+ 57. Ke3 Rb1 58. Kf3 Rb3+
59. Kf4 Rb1 60. Rc6+ Kg7 61. Rb6 Rb3 62. b5 Rb4+ 63. Kg5 Rg4+ 64. Kxh5 Rxg3 65.
Rb7+ Kf6 66. b6 Rb3 67. Rb8 Ke7 68. Kg6 Kd7 69. Kf5 Kc6 70. Rc8+ Kb7 1/2-1/2

[Event "Open Semana Santa 2023"]
[Site "?"]
[Date "2023.04.07"]
[Round "5.131"]
[White "Jaime Galeano, Alcher"]
[Black "Deusa Ballesteros, Lucas"]
[Result "0-1"]
[WhiteElo "1672"]
[BlackElo "1993"]
[PlyCount "97"]

1. e4 c5 2. Nc3 Nc6 3. f4 e6 4. Nf3 d5 5. Bb5 Nge7 6. d3 a6 7. Bxc6+ Nxc6 8.
O-O Be7 9. Qe1 O-O 10. Qg3 Nd4 11. Nxd4 cxd4 12. Ne2 dxe4 13. dxe4 Qb6 14. Kh1
Rd8 15. f5 exf5 16. exf5 Bf6 17. h4 Rd5 18. Qg4 Kh8 19. Bg5 Bxg5 20. Qxg5 f6
21. Qh5 Qd8 22. Rad1 g6 23. Qh6 Bxf5 24. h5 Rd6 25. hxg6 Bxg6 26. Qf4 d3 27.
cxd3 Qb6 28. Qg3 Rg8 29. Qf4 Rgd8 30. Rd2 Qa5 31. Nc3 Qg5 32. Qxg5 fxg5 33.
Rfd1 Rxd3 34. Rxd3 Rxd3 35. Rxd3 Bxd3 36. Kh2 Kg7 37. Kg3 Kf6 38. Kg4 Bf5+ 39.
Kf3 Ke5 40. Ke3 h5 41. Ne2 h4 42. Kf2 Ke4 43. Nc1 Be6 44. a3 g4 45. Ke2 Bc4+
46. Kf2 g3+ 47. Ke1 Ke3 48. b3 h3 49. bxc4 0-1

[Event "Open Semana Santa 2023"]
[Site "?"]
[Date "2023.04.07"]
[Round "5.132"]
[White "Pintor Avila, Antonio"]
[Black "Lloret Mauri, Jaime"]
[Result "0-1"]
[WhiteElo "1656"]
[BlackElo "1989"]
[PlyCount "64"]

1. e4 e6 2. d4 d5 3. Nc3 Bb4 4. e5 c5 5. a3 Ba5 6. b4 cxd4 7. Nb5 Bc7 8. f4 Nc6
9. Nf3 Nge7 10. Nbxd4 Nxd4 11. Nxd4 Nc6 12. Be3 Bb6 13. Qd2 Nxd4 14. Bxd4 Bd7
15. Be2 Qc7 16. c3 Rc8 17. Rc1 Ba4 18. c4 Bxd4 19. Qxd4 O-O 20. c5 Qc6 21. O-O
Bb5 22. Rfe1 Bxe2 23. Rxe2 Qa4 24. Re3 b6 25. Rec3 bxc5 26. Rxc5 Rxc5 27. Rxc5
Qxa3 28. Ra5 Qc1+ 29. Kf2 Ra8 30. Rxa7 Rxa7 31. Qxa7 Qxf4+ 32. Kg1 Qxb4 0-1

[Event "Open Semana Santa 2023"]
[Site "?"]
[Date "2023.04.07"]
[Round "5.133"]
[White "Zaldivar, Gustavo"]
[Black "Nazarov, Alexander"]
[Result "0-1"]
[WhiteElo "1645"]
[BlackElo "1982"]
[Annotator "Usuario"]
[PlyCount "102"]

1. d4 Nf6 2. Bf4 d5 3. e3 c5 4. c3 Qb6 5. Qb3 c4 6. Qxb6 axb6 7. Nf3 e6 8. Nbd2
Nc6 9. Ne5 b5 10. Be2 b4 11. O-O Be7 12. e4 O-O 13. Nxc6 bxc6 14. e5 Nd7 15.
Be3 Nb6 16. f4 Na4 17. cxb4 Bxb4 18. Rab1 Bd7 19. Bg4 g6 20. a3 Be7 21. b4 Nc3
22. Ra1 Ra7 23. Rfc1 Na4 24. Nb1 Rfa8 25. Bd2 Bc8 26. Kf2 Ba6 27. Nc3 Nb6 28.
Rcb1 $11 Bb5 29. Rb2 Rxa3 30. Rab1 Kg7 31. Bd1 Bd8 32. g3 Nd7 33. Ke2 h5 34. h4
Nb6 35. Kf2 Nc8 36. Kg2 Ne7 37. Bc2 Bb6 38. Ne2 c3 39. Nxc3 Bxd4 40. Nxb5 cxb5
41. Rb3 Ra2 42. Rd3 Rxc2 43. Rxd4 Raa2 44. Rd1 Nc6 45. Rd3 Nxb4 46. Rd4 Nc6 47.
Rd3 b4 48. Kf1 d4 49. f5 gxf5 50. Bg5 Rf2+ 51. Kg1 Nxe5 0-1